Technológia blockchain a jej potenciál v praxi diplomová práca

Salvato in:
Dettagli Bibliografici
Autore principale: Gabura, Štefan
Ente Autore: Fakulta hospodárskej informatiky EU. Katedra aplikovanej informatiky
Altri autori: Stancel, David
Natura: Libro
Lingua:slovacco
Pubblicazione: Bratislava 2021
Tags: Aggiungi Tag
Nessun Tag, puoi essere il primo ad aggiungerne!!

MARC

LEADER 00000nbm a2200000 4500
001 0276181
005 20220318124812.8
041 0 |a slo 
044 |a SK 
245 1 0 |a Technológia blockchain a jej potenciál v praxi  |b diplomová práca  |c Štefan Gabura ; školiteľ: David Stancel 
264 1 |a Bratislava  |c 2021 
300 |a 67 s. 
100 1 |a Gabura, Štefan 
700 1 |a Stancel, David 
710 2 |a Fakulta hospodárskej informatiky EU. Katedra aplikovanej informatiky